[Event "Berlin-ch Seniors op 39th"]
[Site "Berlin"]
[Date "2023.01.30"]
[Round "7"]
[White "Vandre, Wolfgang"]
[Black "Jandke, Manfred"]
[Result "1/2-1/2"]
[WhiteElo "2112"]
[BlackElo "2061"]
[PlyCount "55"]
[EventDate "2023.01.24"]
[EventType "swiss"]
[EventRounds "9"]
[EventCountry "GER"]
[SourceTitle "CBM 212 Extra"]
[Source "ChessBase"]
[SourceDate "2023.03.31"]
[SourceVersion "1"]
[SourceVersionDate "2023.03.31"]
[SourceQuality "1"]

1. d4 Nf6 2. c4 a6 3. Nc3 c5 4. d5 b5 5. cxb5 axb5 6. e4 b4 7. Nb5 d6 8. a4 bxa3 9. Rxa3 Rxa3 10. bxa3 Bd7 11. Qa4 g6 12. Nf3 Bg7 13. Bd3 0-0 14. 0-0 Qb6 15. Bg5 Na6 16. Rb1 Rb8 17. Qc4 Nc7 18. Nxc7 Qxb1+ 19. Bxb1 Rxb1+ 20. Qf1 Rxf1+ 21. Kxf1 Nxe4 22. Bxe7 Bb2 23. Ke2 Bxa3 24. Nd2 Nxd2 25. Kxd2 c4 26. Kc3 f5 27. Kxc4 h6 28. Nb5 1/2-1/2

[Event "Berlin-ch Seniors op 36th"]
[Site "Berlin"]
[Date "2020.02.05"]
[Round "8.5"]
[White "Vandre, Wolfgang"]
[Black "Beran, Rolf Dietrich"]
[Result "1-0"]
[WhiteElo "2099"]
[BlackElo "1950"]
[PlyCount "47"]
[EventDate "2020.01.28"]
[EventType "swiss"]
[EventRounds "9"]
[EventCountry "GER"]
[SourceTitle "EXT 2024"]
[Source "ChessBase"]
[SourceDate "2023.10.10"]
[SourceVersion "1"]
[SourceVersionDate "2023.10.10"]
[SourceQuality "1"]

1. d4 c5 2. d5 Nf6 3. c4 g6 4. Nc3 d6 5. e4 Bg7 6. f4 0-0 7. Bd3 Na6 8. Nf3 Bg4 9. 0-0 Qd7 10. h3 Bxf3 11. Qxf3 Nc7 12. e5 Nfe8 13. Qg3 e6 14. Be3 exd5 15. cxd5 Qe7 16. Rad1 dxe5 17. f5 Nd6 18. Bxc5 b6 19. f6 Bxf6 20. Bxd6 Qxd6 21. Ne4 Qb4 22. Nxf6+ Kg7 23. Qxe5 Qc5+ 24. Kh1 1-0

[Event "Berlin-ch Seniors op 33rd"]
[Site "Berlin"]
[Date "2017.02.07"]
[Round "7"]
[White "Vandre, Wolfgang"]
[Black "Kleinert, Michael"]
[Result "1-0"]
[WhiteElo "2125"]
[BlackElo "1888"]
[PlyCount "71"]
[EventDate "2017.01.31"]
[EventType "swiss"]
[EventRounds "9"]
[EventCountry "GER"]
[SourceTitle "EXT 2019"]
[Source "ChessBase"]
[SourceDate "2018.10.10"]
[SourceVersion "1"]
[SourceVersionDate "2018.10.10"]
[SourceQuality "1"]

1. d4 f5 2. Nc3 Nf6 3. Bg5 d5 4. Bxf6 exf6 5. e3 c6 6. Bd3 Be6 7. Qf3 Qd7 8. Nge2 Bd6 9. h3 Na6 10. a3 0-0-0 11. Bxa6 bxa6 12. b4 g5 13. Na4 Kb8 14. Nc1 f4 15. Nc5 Bxc5 16. bxc5 fxe3 17. fxe3 Qe7 18. Nd3 a5 19. 0-0 Rhf8 20. Rab1+ Ka8 21. Rb3 Rb8 22. Rfb1 Rxb3 23. Rxb3 Rb8 24. Nc1 Bd7 25. Qg3 Rxb3 26. Nxb3 a4 27. Na5 Qe6 28. Kh2 Bc8 29. Qc7 Qd7 30. Qxc6+ Qxc6 31. Nxc6 Kb7 32. Nb4 Be6 33. g4 a5 34. Na2 Bd7 35. Nc3 Bc6 36. e4 1-0

[Event "Berlin-ch Seniors op 32nd"]
[Site "Berlin"]
[Date "2016.01.26"]
[Round "1"]
[White "Cichon, Joerg"]
[Black "Vandre, Wolfgang"]
[Result "0-1"]
[WhiteElo "1784"]
[BlackElo "2129"]
[PlyCount "84"]
[EventDate "2016.01.26"]
[EventType "swiss"]
[EventRounds "9"]
[EventCountry "GER"]
[SourceTitle "EXT 2019"]
[Source "ChessBase"]
[SourceDate "2018.10.10"]
[SourceVersion "1"]
[SourceVersionDate "2018.10.10"]
[SourceQuality "1"]

1. e4 c5 2. Nf3 d6 3. g3 Nc6 4. Bg2 g6 5. d3 Bg7 6. c3 e5 7. 0-0 Nge7 8. Be3 0-0 9. d4 exd4 10. cxd4 Bg4 11. Na3 Nxd4 12. Bxd4 Bxd4 13. Qb3 Be6 14. Qc2 Bg7 15. Rad1 Qb6 16. b3 Rad8 17. Nc4 Qc7 18. Ne3 h6 19. Nd4 Bd7 20. Nd5 Nxd5 21. exd5 Qa5 22. Nf3 Bf5 23. Qd2 Qxd2 24. Rxd2 b5 25. Nh4 Bd7 26. Be4 a5 27. Bd3 Rfe8 28. f4 Ra8 29. Bc2 Bc3 30. Rd3 Bd4+ 31. Kh1 Re7 32. Bb1 Bh3 33. Rfd1 g5 34. fxg5 hxg5 35. g4 Rae8 36. Rxh3 Re1+ 37. Rxe1 Rxe1+ 38. Kg2 gxh4 39. Bf5 Re2+ 40. Kf1 Rxa2 41. Rxh4 a4 42. Rh3 Rf2+ 0-1

[Event "Berlin-ch Seniors op 31st"]
[Site "Berlin"]
[Date "2015.02.04"]
[Round "6"]
[White "Simon, Ralf Axel"]
[Black "Vandre, Wolfgang"]
[Result "0-1"]
[WhiteElo "2103"]
[BlackElo "1983"]
[PlyCount "68"]
[EventDate "2015.01.29"]
[EventType "swiss"]
[EventRounds "9"]
[EventCountry "GER"]
[SourceTitle "EXT 2018"]
[Source "ChessBase"]
[SourceDate "2017.10.13"]
[SourceVersion "1"]
[SourceVersionDate "2017.10.13"]
[SourceQuality "1"]

1. Nf3 Nf6 2. d4 g6 3. c4 Bg7 4. Nc3 0-0 5. e4 d6 6. Be2 e5 7. Be3 exd4 8. Nxd4 Re8 9. f3 c6 10. Qd2 d5 11. exd5 cxd5 12. c5 Nc6 13. Kf2 Rxe3 14. Nxc6 Rxe2+ 15. Nxe2 bxc6 16. Rhe1 Rb8 17. Nd4 Ne4+ 18. fxe4 Qf6+ 19. Kg3 Qe5+ 20. Qf4 Qxf4+ 21. Kxf4 Bxd4 22. exd5 Kf8 23. Rad1 Bxc5 24. dxc6 Be7 25. c7 Rb4+ 26. Kg3 Bh4+ 27. Kf3 Bg4+ 28. Ke3 Bxe1 29. Rxe1 Rc4 30. b3 Rxc7 31. Kf4 Be6 32. Re2 h5 33. Kg5 Rc5+ 34. Kh6 h4 0-1

[Event "Berlin Lichtenrade op 08th"]
[Site "Berlin"]
[Date "2012.10.02"]
[Round "4"]
[White "Moeller, Hendrik"]
[Black "Vandre, Wolfgang"]
[Result "1-0"]
[WhiteElo "2259"]
[BlackElo "2163"]
[PlyCount "89"]
[EventDate "2012.09.29"]
[EventType "swiss"]
[EventRounds "9"]
[EventCountry "GER"]
[SourceTitle "CBM 150 Extra"]
[Source "ChessBase"]
[SourceDate "2012.10.19"]
[SourceVersion "1"]
[SourceVersionDate "2012.10.19"]
[SourceQuality "1"]

1. c4 g6 2. g3 Bg7 3. Bg2 d6 4. Nc3 c5 5. d3 Nc6 6. Nf3 e6 7. Rb1 Nge7 8. Bg5 Qa5 9. Bd2 Qc7 10. a3 a5 11. 0-0 0-0 12. Nb5 Qd7 13. Bc3 e5 14. Bd2 b6 15. Ne1 Rb8 16. Nc3 Bb7 17. Nc2 Nd4 18. Bxb7 Rxb7 19. Ne3 Ndf5 20. b4 axb4 21. axb4 Nxe3 22. Bxe3 f5 23. bxc5 bxc5 24. Qa4 Qxa4 25. Nxa4 Rfb8 26. Rxb7 Rxb7 27. Nc3 Kf7 28. Nb5 Ke6 29. Ra1 Kd7 30. Ra8 h6 31. Kg2 g5 32. h3 f4 33. Bd2 Nf5 34. e3 d5 35. Kf3 dxc4 36. dxc4 fxg3 37. fxg3 Ke7 38. g4 Nd6 39. Nxd6 Kxd6 40. Ke4 Rb2 41. Ra6+ Ke7 42. Bc3 Rb3 43. Ba5 Bf8 44. Bc7 Rc3 45. Bd6+ 1-0

[Event "Berlin-ch"]
[Site "Berlin"]
[Date "2009.04.14"]
[Round "4"]
[White "Vandre, Wolfgang"]
[Black "Niehaus, Frank"]
[Result "0-1"]
[WhiteElo "2182"]
[BlackElo "2148"]
[PlyCount "48"]
[EventDate "2009.04.11"]
[EventType "swiss"]
[EventRounds "9"]
[EventCountry "GER"]
[SourceTitle "CBM 129 Extra"]
[Source "ChessBase"]
[SourceDate "2009.05.05"]
[SourceVersion "2"]
[SourceVersionDate "2009.05.20"]
[SourceQuality "1"]

1. d4 Nf6 2. c4 g6 3. Nc3 Bg7 4. e4 d6 5. f3 0-0 6. Be3 c5 7. dxc5 dxc5 8. Qxd8 Rxd8 9. Bxc5 Nc6 10. Nd5 Nd7 11. Bxe7 Nxe7 12. Nxe7+ Kf8 13. Nd5 Bxb2 14. Rb1 Bg7 15. Nh3 b6 16. Nf2 Bb7 17. Ng4 Rac8 18. Nge3 Rc5 19. Rb3 Ra5 20. Nb4 Nc5 21. Rb1 Bc3+ 22. Kf2 Bxb4 23. Rxb4 Rxa2+ 24. Kg3 Ra3 0-1

[Event "Berlin-ch"]
[Site "Berlin"]
[Date "2009.04.13"]
[Round "3"]
[White "Figura, Atila Gajo"]
[Black "Vandre, Wolfgang"]
[Result "1-0"]
[WhiteElo "2417"]
[BlackElo "2182"]
[PlyCount "115"]
[EventDate "2009.04.11"]
[EventType "swiss"]
[EventRounds "9"]
[EventCountry "GER"]
[SourceTitle "CBM 129 Extra"]
[Source "ChessBase"]
[SourceDate "2009.05.05"]
[SourceVersion "2"]
[SourceVersionDate "2009.05.20"]
[SourceQuality "1"]

1. d4 d5 2. c4 e6 3. Nf3 Nf6 4. g3 c5 5. cxd5 exd5 6. Bg2 Nc6 7. 0-0 Be7 8. dxc5 Bxc5 9. Qc2 Be7 10. Nc3 0-0 11. Rd1 Qa5 12. Bg5 Be6 13. Qa4 Qxa4 14. Nxa4 Rfd8 15. Be3 Ne4 16. Nd4 Nxd4 17. Bxd4 b6 18. Rac1 Rac8 19. e3 Rxc1 20. Rxc1 Rc8 21. Rxc8+ Bxc8 22. f3 Nf6 23. g4 h6 24. Kf2 Bb7 25. Nc3 Bc5 26. h3 Kf8 27. Ne2 Ke7 28. Bc3 a5 29. Nd4 g6 30. h4 Ne8 31. Bf1 Nc7 32. h5 Bc8 33. g5 Kf8 34. Nb3 Be7 35. gxh6 Kg8 36. hxg6 fxg6 37. Bd4 a4 38. Nc1 Bc5 39. Bxc5 bxc5 40. Nd3 c4 41. Nc5 a3 42. bxa3 Na6 43. Nxa6 Bxa6 44. Ke1 Kh7 45. Bh3 Kxh6 46. Kd2 Kg5 47. Kc3 Bb7 48. Kd4 Kf6 49. Bd7 g5 50. Ba4 Ke6 51. Bc2 Kd6 52. a4 Bc8 53. a5 Bb7 54. e4 dxe4 55. Bxe4 c3 56. Kxc3 Bxe4 57. fxe4 g4 58. Kd4 1-0

[Event "Berlin-ch"]
[Site "Berlin"]
[Date "2008.03.28"]
[Round "7"]
[White "Schlemermeyer, Wilhelm"]
[Black "Vandre, Wolfgang"]
[Result "1/2-1/2"]
[WhiteElo "2310"]
[BlackElo "2170"]
[PlyCount "49"]
[EventDate "2008.03.22"]
[EventType "swiss"]
[EventRounds "9"]
[EventCountry "GER"]
[SourceTitle "CBM 123 Extra"]
[Source "ChessBase"]
[SourceDate "2008.05.06"]
[SourceVersion "1"]
[SourceVersionDate "2008.05.06"]
[SourceQuality "1"]

1. e4 c5 2. Nf3 d6 3. d4 cxd4 4. Nxd4 Nf6 5. Nc3 a6 6. Be3 e5 7. Nf3 Be7 8. Bc4 Be6 9. Bxe6 fxe6 10. Ng5 Qd7 11. Qf3 d5 12. Rd1 d4 13. Ne2 0-0 14. c3 h6 15. h4 Nd5 16. Qh3 dxe3 17. fxe3 hxg5 18. hxg5 Kf7 19. exd5 exd5 20. Qh5+ g6 21. Rf1+ Ke8 22. Qxg6+ Kd8 23. Rxf8+ Bxf8 24. Qg8 Qe7 25. Ng3 1/2-1/2

[Event "Berlin-ch"]
[Site "Berlin"]
[Date "2008.03.22"]
[Round "1"]
[White "Berger, Steve"]
[Black "Vandre, Wolfgang"]
[Result "1-0"]
[WhiteElo "2410"]
[BlackElo "2170"]
[PlyCount "87"]
[EventDate "2008.03.22"]
[EventType "swiss"]
[EventRounds "9"]
[EventCountry "GER"]
[SourceTitle "CBM 123 Extra"]
[Source "ChessBase"]
[SourceDate "2008.05.06"]
[SourceVersion "1"]
[SourceVersionDate "2008.05.06"]
[SourceQuality "1"]

1. e4 c5 2. Nc3 d6 3. f4 g6 4. Nf3 Bg7 5. Bc4 e6 6. d4 cxd4 7. Nxd4 a6 8. f5 exf5 9. 0-0 Nc6 10. Nxc6 bxc6 11. Bf4 Ne7 12. Bxd6 0-0 13. e5 Be6 14. Bxe6 fxe6 15. Qd4 Nc8 16. Bc5 Qxd4+ 17. Bxd4 Rd8 18. Rad1 Rb8 19. Na4 Bf8 20. c4 Kf7 21. b3 Rb7 22. Bc5 Rbd7 23. Rxd7+ Rxd7 24. Bxf8 Kxf8 25. Nc5 Rd2 26. a4 Ke7 27. Nxa6 Re2 28. Rd1 Rxe5 29. Nb8 Re3 30. Nxc6+ Kf6 31. Rd8 Ne7 32. Nxe7 Kxe7 33. Rb8 Kd6 34. a5 Kc7 35. Rb5 Rc3 36. h4 f4 37. Kf2 h6 38. a6 Rc2+ 39. Kf3 Ra2 40. Rb7+ Kc6 41. Rg7 Rxa6 42. Rxg6 Kc5 43. Rxh6 Kd4 44. Rf6 1-0

[Event "Berlin Herbst op"]
[Site "Berlin"]
[Date "2007.10.19"]
[Round "6"]
[White "Flom, Gabriel"]
[Black "Vandre, Wolfgang"]
[Result "1-0"]
[WhiteElo "2295"]
[BlackElo "2172"]
[PlyCount "63"]
[EventDate "2007.10.14"]
[EventType "swiss"]
[EventRounds "9"]
[EventCountry "GER"]
[SourceTitle "EXT 2008"]
[Source "ChessBase"]
[SourceDate "2007.11.25"]
[SourceVersion "1"]
[SourceVersionDate "2007.11.25"]
[SourceQuality "1"]

1. Nf3 d5 2. g3 c5 3. Bg2 Nc6 4. 0-0 e5 5. d3 f6 6. Nbd2 Be6 7. c4 Nge7 8. a3 Qd7 9. Re1 Rd8 10. Qc2 d4 11. Qa4 Nc8 12. Ne4 Be7 13. Rb1 f5 14. Neg5 Bg8 15. b4 Nb6 16. Qb5 e4 17. bxc5 exf3 18. Bxf3 h6 19. cxb6 hxg5 20. bxa7 Nxa7 21. Qe5 Qe6 22. Qxe6 Bxe6 23. Rxb7 Nc8 24. a4 Nd6 25. Ra7 Nc8 26. Rb7 0-0 27. a5 Rd7 28. a6 Rxb7 29. axb7 Nb6 30. h4 gxh4 31. Bf4 Nd7 32. Ra1 1-0

[Event "Berlin Herbst op"]
[Site "Berlin"]
[Date "2007.10.18"]
[Round "5"]
[White "Hahlbohm, Matthias"]
[Black "Vandre, Wolfgang"]
[Result "0-1"]
[WhiteElo "2111"]
[BlackElo "2172"]
[PlyCount "82"]
[EventDate "2007.10.14"]
[EventType "swiss"]
[EventRounds "9"]
[EventCountry "GER"]
[SourceTitle "EXT 2008"]
[Source "ChessBase"]
[SourceDate "2007.11.25"]
[SourceVersion "1"]
[SourceVersionDate "2007.11.25"]
[SourceQuality "1"]

1. e4 c5 2. Nf3 d6 3. d4 cxd4 4. Nxd4 Nf6 5. Nc3 a6 6. Be2 e5 7. Nf3 Be7 8. 0-0 h6 9. h3 Be6 10. Be3 Nbd7 11. a4 Rc8 12. a5 Rxc3 13. bxc3 Nxe4 14. c4 0-0 15. Qd3 f5 16. Rfd1 Ndc5 17. Qa3 Qc7 18. Rab1 Rc8 19. Rb6 Nd7 20. Rb2 f4 21. Nd2 Nef6 22. Bb6 Nxb6 23. Rxb6 Nd7 24. Rb2 Nc5 25. Bf3 e4 26. Bg4 Bxg4 27. hxg4 Bf6 28. Rb6 Qd7 29. Qh3 Be5 30. Nb3 Ne6 31. g5 hxg5 32. Qf5 Qf7 33. Qxe4 f3 34. g3 Re8 35. Qg4 Rf8 36. Rd3 Nd8 37. Nd2 Nc6 38. Nxf3 Bf6 39. Nd2 Ne5 40. Ne4 Nxg4 41. Nxd6 Qh5 0-1

[Event "Berlin Herbst op"]
[Site "Berlin"]
[Date "2007.10.17"]
[Round "4"]
[White "Vandre, Wolfgang"]
[Black "Svane, Rasmus"]
[Result "1-0"]
[WhiteElo "2172"]
[BlackElo "1981"]
[PlyCount "79"]
[EventDate "2007.10.14"]
[EventType "swiss"]
[EventRounds "9"]
[EventCountry "GER"]
[SourceTitle "EXT 2008"]
[Source "ChessBase"]
[SourceDate "2007.11.25"]
[SourceVersion "1"]
[SourceVersionDate "2007.11.25"]
[SourceQuality "1"]

1. d4 Nf6 2. c4 g6 3. Nc3 d5 4. cxd5 Nxd5 5. e4 Nxc3 6. bxc3 Bg7 7. Bc4 0-0 8. Ne2 c5 9. 0-0 Nc6 10. Be3 cxd4 11. cxd4 Bg4 12. f3 Na5 13. Bd3 Be6 14. d5 Bxa1 15. Qxa1 f6 16. Rb1 Qd6 17. Qc3 b6 18. dxe6 Qxe6 19. Qa3 Qd6 20. Qxd6 exd6 21. Ba6 d5 22. exd5 Rfe8 23. Kf2 Re5 24. Nc3 Kf7 25. Bd4 Re7 26. Ne4 f5 27. Ng5+ Kg8 28. Rd1 Rc7 29. d6 Rc2+ 30. Kg3 f4+ 31. Kh3 Kf8 32. Nxh7+ Ke8 33. Nf6+ Kf7 34. Ne4 Nc6 35. Ng5+ Ke8 36. Bf6 Kd7 37. Bd3 Rxa2 38. Bc4 Ra5 39. Be6+ Ke8 40. d7+ 1-0

[Event "Berlin Herbst op"]
[Site "Berlin"]
[Date "2007.10.15"]
[Round "2"]
[White "Vandre, Wolfgang"]
[Black "Schulze, Gerd"]
[Result "0-1"]
[WhiteElo "2172"]
[BlackElo "1945"]
[PlyCount "73"]
[EventDate "2007.10.14"]
[EventType "swiss"]
[EventRounds "9"]
[EventCountry "GER"]
[SourceTitle "EXT 2008"]
[Source "ChessBase"]
[SourceDate "2007.11.25"]
[SourceVersion "1"]
[SourceVersionDate "2007.11.25"]
[SourceQuality "1"]

1. d4 Nf6 2. c4 g6 3. Nc3 Bg7 4. e4 d6 5. f3 Na6 6. Be3 Be6 7. d5 Bd7 8. Qd2 c6 9. Nge2 Nc7 10. Bh6 Bxh6 11. Qxh6 cxd5 12. cxd5 Nb5 13. a4 Nxc3 14. Nxc3 Qb6 15. Qd2 0-0 16. Be2 a6 17. h4 Nh5 18. a5 Qc5 19. e5 dxe5 20. Ne4 Qd4 21. Qxd4 exd4 22. Rd1 Rfc8 23. Rxd4 Rc2 24. Rd2 Rac8 25. b4 Nf4 26. Nc5 Nxg2+ 27. Kd1 Ne3+ 28. Ke1 Rc7 29. d6 exd6 30. Rxd6 Bc6 31. Kf2 Re7 32. Ne4 Bxe4 33. fxe4 Rxe4 34. Kf3 Re7 35. h5 Nf5 36. Rd8+ Kg7 37. Bd3 0-1